| 000 | 00374nam a2200157Ia 4500 | ||
|---|---|---|---|
| 003 | IT-RoPAU | ||
| 008 | 120407s9999 xx 000 0 und d | ||
| 040 | _aIT-RoPAU | ||
| 040 | _cIT-RoPAU | ||
| 100 | _aEnrico Contardi | ||
| 245 | _aGerberto d'Aurillac - Silvestro II (938-1003) | ||
| 260 | _aPia Società Figlie San Paolo | ||
| 300 | _c cm | ||
| 490 | _v1 | ||
| 942 | _cBK | ||
| 999 |
_c9614 _d9614 |
||